| 000 | 00387pab a2200145 454500 | ||
|---|---|---|---|
| 008 | 180718b1983 xxu||||| |||| 00| 0 eng d | ||
| 100 | _aPatankar, P.G. | ||
| 245 | _aNeed for road transport financing corporation | ||
| 260 | _c1983 | ||
| 300 | _a6-8 | ||
| 362 | _aFeb. | ||
| 650 | _aMotor Transportation - Finance - India | ||
| 773 | _aJournal of Transport Management | ||
| 909 | _a13795 | ||
| 999 |
_c13795 _d13795 |
||